000 00505nam a2200181Ia 4500
003 OSt
005 20201209162431.0
008 190216s9999||||xx |||||||||||||| ||und||
020 _a9788126415564
040 _coclc
082 _a894.8124
_bTHO/K
100 _aThomas, T T
_97164
245 0 _aKazhchakal Kazhchappadukal /
_cT T Thomas
260 _bD C Books,
_aKottayam:
_c2007.
300 _a122p
650 _aLekhanam
942 _cBK
_2ddc
_h894.8124
_iTHO/K
_k894.8124
_mTHO/K
999 _c29170
_d29170